| 000 | 00558nam a22001937a 4500 | ||
|---|---|---|---|
| 003 | 0 | ||
| 005 | 20230817102325.0 | ||
| 008 | 230817b xxu||||| |||| 00| 0 eng d | ||
| 020 | _a978-971-9655-02-2 | ||
| 050 |
_aPL 539.5 _b.R43 2022 |
||
| 100 | _aRea-Dafun, Marjorie | ||
| 245 |
_aHajimemashou : learn basic japanese _cMarjorie Rea-Dafun |
||
| 260 |
_aManila _bMindshapers Co., Inc. _cc2022. |
||
| 300 |
_axii, 208 pages ; _c23cm. |
||
| 500 | _aBasic Japanese. | ||
| 504 | _aIncludes bibliography. | ||
| 650 | _aBasic Japanese. | ||
| 942 |
_2lcc _cBK |
||
| 999 |
_c365159 _d365159 |
||